Wheel of Time - Aes Sedai at Dumai's Wells - Statistics

General Stats
  • This quiz has been taken 93 times
    34 since last reset
  • The average score is 18 of 46
Answer Stats
Ajah Fate/Characteristics Aes Sedai % Correct
Black Captured by the Shaido Galina Casban
100%
Black Swore fealty to Rand al'Thor; uncovered the Black Ajah Verin Mathwin
73%
Black Captured by Rand's forces; swore fealty afterwards; helped Semirhage capture Rand; balefired Elza Penfell
64%
Black Captured by the Aiel; freed by Darkfriends Katerine Alruddin
64%
Brown Swore fealty to Rand; accompanied Perrin Masuri Sokawa
64%
Gray Former leader of the Salidar embassy; swore fealty to Rand al'Thor Merana Ambrey
64%
Green Captured by Rand's forces; swore fealty afterwards; killed by Sharans Beldeine Nyram
55%
Gray Former leader of the Tower embassy; captured by Rand's forces; swore fealty afterwards Coiren Saeldein
55%
Green Stilled and Healed; swore fealty to Rand al'Thor Irgain Fatamed
55%
Red Stilled and Healed; swore fealty to Rand al'Thor; fell to Hessalam's Compulsion Sashalle Anderly
55%
Green Swore fealty to Rand; accompanied Perrin Seonid Traighan
55%
Green Swore fealty to Rand al'Thor; kidnapped; killed in Shayol Ghul Alanna Mosvani
45%
Green Swore fealty to Rand al'Thor; fought in Shayol Ghul Bera Harkin
45%
Green Captured by Rand's forces; swore fealty afterwards Erian Boroleos
45%
Black Captured by Rand's forces; swore fealty afterwards Fera Sormen
45%
Green Swore fealty to Rand al'Thor; died in Shayol Ghul Kiruna Nachiman
45%
Brown Captured by Rand's forces; swore fealty afterwards; lacks ageless look Marith Riven
45%
Brown Captured by Rand's forces; swore fealty afterwards; fought in Shayol Ghul Nesune Bihara
45%
Blue Swore fealty to Rand al'Thor; negotiated with the rebels in Tear Rafela Cindal
45%
White Captured by Rand's forces; swore fealty afterwards; fell to Hessalam's Compulsion Sarene Nemdahl
45%
Red Former Mistress of Novices; died during the battle Amira Moselle
36%
Red Escaped to Dorlan; delivered the news to Elaida Covarla Baldene
36%
Green Swore fealty to Rand al'Thor; died in Shayol Ghul Faeldrin Harella
36%
Green Escaped to Dorlan; fought in the Last Battle Hattori Gatano
36%
Red One of the last to swear fealty to Rand al'Thor; Arafellin Janine Pavlara
36%
Red Died during the battle Laigin Arnault
36%
Green Died during the battle Mirlene Cornwell
36%
White Stilled and Healed; swore fealty to Rand al'Thor Ronaille Vevanios
36%
White Captured by Rand's forces; swore fealty afterwards Turanna Norill
36%
Red One of the last to swear fealty to Rand al'Thor; 86 years old Vayelle Kamsa
36%
Red Escaped to Dorlan Caren Endelle
27%
Red One of the last to swear fealty to Rand al'Thor; Domani Chisaine Nurbaya
27%
Gray Captured by Rand's forces; swore fealty afterwards Elaiva Walfor
27%
Red One of the last to swear fealty to Rand al'Thor; Taraboner Innina Darenhold
27%
Green Escaped to Dorlan Lusonia Cole
27%
White Captured by Rand's forces; swore fealty afterwards; lacks ageless look Mayam Colona
27%
White Escaped to Dorlan Nubei Peldovni
27%
Red Escaped to Dorlan; lacks ageless look Valene Sural
27%
Yellow Captured by Rand's forces; swore fealty afterwards Cairlyn Nesolle
18%
Black Captured by Rand's forces; swore fealty afterwards Nalaene Forrell
18%
Green Captured by Rand's forces; swore fealty afterwards; fought in the Field of Merrilor Nelavaire Demasiellin
18%
Brown Captured by Rand's forces; swore fealty afterwards Razina Hazzan
18%
Green Escaped to Dorlan Sanaiye Asaheen
18%
Gray Escaped to Dorlan Teire Alentaine
18%
Green Escaped to Dorlan, Warder is Marlesh Vasha
18%
White Escaped to Dorlan Wyndera Ovan
18%
No matching quizzes found
Score Distribution
Percent of People with Each Score
Percentile by Number Answered
Your Score History
You have not taken this quiz since the last reset